| 000 | 00421nam a22001577a 4500 | ||
|---|---|---|---|
| 005 | 20160427150610.0 | ||
| 008 | 160427b xxu||||| |||| 00| 0 eng d | ||
| 020 | _a81-7534224-9 | ||
| 041 | _aeng | ||
| 082 | _b00389 | ||
| 100 |
_aKanath, Nandan _9133 |
||
| 245 | _aGuide to: Information Technology: Act, Rules & Regulations | ||
| 260 |
_aNew Delhi _bUniversal Law Publ. Co. Pvt.Ltd. _c2001 |
||
| 300 | _a227 | ||
| 942 | _cBK | ||
| 999 |
_c121 _d121 |
||